| 000 | 00802nam a2200241 i 4500 | ||
|---|---|---|---|
| 001 | 36470 | ||
| 003 | ES-MaACL | ||
| 005 | 20230906155357.0 | ||
| 007 | t| | ||
| 008 | 030218s1957 sp |||| | spa d | ||
| 080 | _a951"1918/1950" | ||
| 100 | 1 |
_aBrandt, Conrad. _931351 |
|
| 245 | 1 | 0 |
_aHistoria de la China comunista / _cConrad Brandt, Benjamín Schwartz, John E. Fairbank ; [traducción directa del inglés por Carlos Sempau]. |
| 250 | _a1ª ed. | ||
| 260 |
_aBarcelona : _bA.H.R., _c1957 ( _fSocitra) |
||
| 300 |
_a533 p. ; _c21 cm. |
||
| 650 | 4 |
_aComunismo- _zChina. _911215 |
|
| 651 | 4 |
_aChina- _xHistoria- _y1912-1949, República. _9159986 |
|
| 700 | 1 |
_aSchwartz, Benjamín. _9104862 |
|
| 700 | 1 |
_aFairbank, John E. _948648 |
|
| 700 | 1 |
_aSempau, Carlos. _9105396 |
|
| 852 |
_aES-MaACL _jC-12884 |
||
| 999 |
_c36470 _d36470 |
||